| 000 | 00707nam a2200193 a 4500 | ||
|---|---|---|---|
| 008 | 120228s2011 ||||||||||||||||| || u | ||
| 020 | _a9780340981931 | ||
| 050 | _aRC 669.9 She | ||
| 100 | _aSheppard, Mary N | ||
| 245 | 1 | 0 |
_aPractical cardiovascular pathology. -- 2nd ed. _cby Mary N. Sheppard |
| 250 | _a2nd ed. | ||
| 260 |
_aLondon: _bHodder Arnold _c2011 |
||
| 300 | _aiv, 340p.: ill. | ||
| 350 | _a0.00 | ||
| 650 | _aCARDIOVASCULAR SYSTEM--DISEASES | ||
| 650 | _aHEART DISEASES | ||
| 650 | _aMEDICINE | ||
| 995 |
_aMEDICAL LIBRARY OPEN ACCESS _D0.00 _e901658 _FCBU-SCHOOL OF MEDICINE LIBRARY (Ndola) _H1 _I0.00 _jRC 669.9 She _M1 _UAVAILABLE _WMar 23, 2012 _y901658 _ZMedical Library Open Access Collection |
||
| 999 |
_c32426 _d32426 |
||